| 000 | 00734cab a2200229 4500 | ||
|---|---|---|---|
| 001 | WB3038-21 | ||
| 008 | 090401t1994 xxu||||| |||| 00| 0 eng d | ||
| 035 | _a(Sirsi) u66608 | ||
| 041 | _aeng | ||
| 245 | _aEnvironmental assessment | ||
| 260 | _c1994 | ||
| 350 | _a0 | ||
| 490 |
_aENDS Report _v(236) September 1994, 8&9(1) |
||
| 520 | _aDiscusses the structure for a project between HM Inspectorate of Pollution and industry to develop tools for environmental analysis. | ||
| 650 | _aENVIRONMENTAL ANALYSIS | ||
| 650 | _aENVIRONMENTAL ASSESSMENT | ||
| 650 | _aHM INSPECTORATE OF POLLUTION | ||
| 650 | _aINTEGRATED POLLUTION CONTROL | ||
| 690 | _aENVIRONMENTAL AND LAND CONSULTANCY | ||
| 942 | _n0 | ||
| 948 | _c04/03/1997 | ||
| 999 |
_c41604 _d41604 |
||